[Event "ARM-ch 72nd"]
[Site "Yerevan"]
[Date "2012.01.21"]
[Round "10"]
[White "Hovhannisyan, Robert"]
[Black "Andriasian, Zaven"]
[Result "1-0"]
[WhiteElo "2589"]
[BlackElo "2624"]
[Annotator "Let's Check"]
[PlyCount "99"]
[EventDate "2012.01.11"]
[EventType "tourn"]
[EventRounds "11"]
[EventCountry "ARM"]
[EventCategory "13"]
[SourceTitle "CBM 147"]
[Source "ChessBase"]
[SourceDate "2012.03.16"]
[SourceVersion "1"]
[SourceVersionDate "2012.03.16"]
[SourceQuality "1"]

1. e4 c5 2. Nf3 d6 3. d4 cxd4 4. Nxd4 Nf6 5. Nc3 a6 6. Be2 e5 7. Nb3 Be7 8. O-O
O-O 9. Be3 Be6 10. Qd3 Nbd7 11. Nd5 Bxd5 12. exd5 Re8 13. c4 Bf8 14. Nd2 a5 15.
Bd1 Nc5 16. Qe2 g6 17. Nb1 Nh5 18. Bxc5 dxc5 19. Qd2 Ng7 20. Ba4 Re7 21. d6 Re6
22. d7 Nf5 23. Qd5 e4 24. Nc3 e3 25. Qxb7 Rb8 26. Qf3 Rxb2 27. Rab1 $2 (27.
fxe3 Rxe3 28. Qd5 $11) 27... Nd4 $19 28. Qxf7+ Kxf7 29. fxe3+ Kg7 30. Rxb2 Rxe3
31. Nd5 Re2 32. Rxe2 Nxe2+ 33. Kf2 Nd4 34. Re1 Qh4+ 35. Kf1 Ne6 $4 (35... Kf7
36. g3 Qg5 $19) 36. Rxe6 $18 Qxc4+ 37. Ke1 Qxd5 38. Re8 c4 39. d8=Q Bb4+ 40.
Kf2 Bc5+ 41. Ke2 Qxg2+ 42. Kd1 Qf3+ 43. Kc2 Qf5+ 44. Kb2 c3+ 45. Kxc3 Bb4+ 46.
Kb2 Qf2+ 47. Kb1 Qf5+ 48. Bc2 Qf1+ 49. Kb2 Qf4 50. Re4 1-0

[Event "EU-ch 12th"]
[Site "Aix les Bains"]
[Date "2011.03.25"]
[Round "4"]
[White "Azarov, Sergei Nikolaevich"]
[Black "Wojtaszek, Radoslaw"]
[Result "1/2-1/2"]
[WhiteElo "2615"]
[BlackElo "2711"]
[Annotator "Marchand,A/Primel,D"]
[PlyCount "53"]
[EventDate "2011.03.22"]
[EventType "swiss"]
[EventRounds "11"]
[EventCountry "FRA"]
[SourceTitle "CBM 142 Extra"]
[Source "ChessBase"]
[SourceDate "2011.06.27"]
[SourceVersion "1"]
[SourceVersionDate "2011.06.27"]
[SourceQuality "1"]
[TimeControl "40/5400+30:1800+30"]

1. e4 c5 2. Nf3 d6 3. d4 cxd4 4. Nxd4 Nf6 5. Nc3 a6 6. Be2 e5 7. Nb3 Be7 (7...
Be6 8. O-O Nbd7 9. Be3 Be7 10. f3 Nb6 11. Bf2 Qc7 12. a4 Nc4 13. Bxc4 Bxc4 14.
Re1 O-O 15. Nd2 Be6 (15... b5 16. axb5 axb5 17. Rxa8 Rxa8 18. b3 Bxb3 19. Nxb5
Qa5 $11 {Smyslov}) 16. Nf1) 8. O-O O-O 9. Kh1 Nc6 10. f3 ({RR} 10. Be3 Be6 11.
Qd2 a5 12. Rfd1 a4 13. Nc1 Ra5 14. Bf3 a3 15. b3 Qc7 16. Nd3 Rc8 17. Rac1 h6
18. h3 Nd4 19. Bxd4 exd4 20. Ne2 d5 21. e5 Ne4 22. Qe1 Nc3 23. Nxc3 Qxc3 24.
Bg4 Qxe1+ {Anand,V (2774)-Polgar,J (2718)/Mainz 2003/CBM 097/1-0 (55)}) 10...
a5 ({RR} 10... b5 11. Be3 Na5 12. Nxa5 Qxa5 13. Qd2 Kh8 14. b4 Qa3 15. Rfb1 Be6
16. Qe1 Rfc8 17. Bd2 Bd8 18. Bd3 Rc6 19. Rb3 Bxb3 20. axb3 Qxb4 21. Nxb5 {
[%emt 0:00:02] 1-0 Azarov,S (2601) -Wojtaszek,R (2726) /Czechia 2010/Mega2011
Update}) 11. Bb5 Na7 $146 ({RR} 11... Be6 12. Qe2 Qc7 13. Be3 Nb4 14. a3 a4 15.
Nc1 Nc6 16. Nxa4 Nd4 17. Bxd4 exd4 18. c4 Bxc4 19. Bxc4 Rxa4 20. Bb3 Raa8 21.
Nd3 Qb6 22. Nb4 Nd7 23. Nd5 Qxb3 24. Nxe7+ Kh8 25. Rad1 Ra4 26. Nf5 {Jakovenko,
D (2662)-Amonatov,F (2564)/ Moscow 2006/CBM 111 ext/ 1-0 (32)}) 12. Bd3 Nc6 13.
Be3 Be6 (13... a4 $132) 14. Bb5 Na7 $11 15. Be2 Nc6 16. Nd5 a4 $1 17. Nc1 Bxd5
18. exd5 Nd4 $1 19. Bxd4 exd4 20. Qxd4 Qa5 21. Rd1 (21. c4) 21... Nd7 {[%cal
Gd7c5,Ge7f6]} 22. Rb1 Bf6 $44 23. Qf2 Rfc8 (23... Rac8 {Un plan plus naturel}
24. Bd3 Rfe8) 24. Bd3 a3 (24... Nc5 25. Bf5) 25. b3 g6 26. c4 Qb4 {31"} 27. Bf1
{41" Les deux adversaires avaient joué rapidement la partie.} 1/2-1/2

[Event "RUS-CHN Summit (Women) 2nd"]
[Site "Moscow"]
[Date "2004.08.16"]
[Round "6"]
[White "Pogonina, Natalija"]
[Black "Huang, Qian"]
[Result "0-1"]
[WhiteElo "2402"]
[BlackElo "2356"]
[Annotator "Marin,M"]
[PlyCount "162"]
[EventDate "2004.08.10"]
[EventType "schev"]
[EventRounds "6"]
[EventCountry "RUS"]
[SourceTitle "CBM 103"]
[Source "ChessBase"]
[SourceDate "2004.11.11"]
[SourceVersion "1"]
[SourceVersionDate "2004.11.11"]
[SourceQuality "1"]
[WhiteTeam "Russia"]
[BlackTeam "China"]
[WhiteTeamCountry "RUS"]
[BlackTeamCountry "CHN"]

1. e4 c5 2. Nf3 d6 3. d4 cxd4 4. Nxd4 Nf6 5. Nc3 a6 6. Be2 e5 7. Nb3 Be7 8. Be3
Be6 9. Nd5 Nbd7 10. Qd3 O-O 11. O-O Bxd5 12. exd5 Nc5 13. Qd2 Qc7 14. f3 Rac8
15. c4 b6 16. Kh1 Nh5 17. Nxc5 dxc5 18. Bd3 g6 19. f4 exf4 20. Bxf4 Nxf4 21.
Qxf4 Bd6 22. Qh4 Rce8 23. Rae1 Re5 24. Rxe5 Bxe5 25. b3 Kg7 26. Re1 Qd6 27. g3
Re8 28. Re2 Re7 29. Qg5 b5 30. Kg2 b4 31. Qe3 a5 32. Qf3 Qd7 33. Bc2 Bd6 34.
Rxe7 Qxe7 {In spite of the material equality and of the presence of opposite
bishops, White's position is quite unpleasant. The presence of queens on board
makes mating ideas possible. The d5-pawn is safely blocked by the bishop,
which also keeps the king side under pressure. Black's majority is mobile and
could become threatening in any moment. Trotz des materiellen Gleichgewichts
und dem Vorhandensein ungleichfarbiger Läufer ist die weiße Stellung ziemlich
unangenehm. Die Anwesenheit der Damen auf dem Brett ermöglichte Mattideen. Der
Bauer d5 ist sicher vom Läufer blockiert, der gleichzeitig auch den
Königsflügel unter Druck hält. Die schwarze Majorität ist beweglich und könnte
jeden Moment zu einer Bedrohung werden} 35. Qe4 {Of course, the exchange of
queens would lead to a dead draw. Der Damentausch würde natürlich zu einem
toten Remis führen.} Qf6 36. Bb1 h5 {Creating the potential threat of ...h4,
in order to weaken the white king side. Schafft die potentielle Drohung ...h4,
um den weißen Königsflügel zu schwächen.} 37. Bd3 Qg5 38. Kf1 Qc1+ 39. Qe1 Qb2
40. Qf2 Qe5 41. Qe2 Qd4 42. Qe4 Qa1+ 43. Bb1 Qc3 44. Bd3 Qb2 45. Qe2 Qf6+ 46.
Qf2 Qg5 47. Qb2+ Kh7 48. Qf2 Kg8 49. Be4 Qe5 50. Bd3 Kg7 51. Qe2 Qd4 52. Qe4
Qa1+ 53. Bb1 Qb2 54. Qc2 Qd4 55. Qd3 Qf6+ 56. Kg2 {The black queen has finally
escaped the harrasment and Black has time to carry out the thematic Die
schwarze Dame hat sich den Nachstellungen endlich entledigt, und Schwarz hat
Zeit zu dem thematischn} h4 57. Bc2 Qg5 {The simple exchange on g3 would not
necessarily be too effective. Since gxh4 would weaken the position, Black
should combine the threats of ...hxg3 and ...h3. Der einfache Tausch auf g3
wäre nicht unbedingt besonders effektiv. Da gxh4 die Stellung schwächen würde,
sollte Schwarz die Drohungen ...hxg3 und ...h3 kombinieren.} 58. Bd1 f5 59. Be2
Qh6 {[%csl Yg2][%cal Rh4h3]} 60. gxh4 {From a practical point of view, it is
not easy to decide whether White could have avoided this obvious positional
concession. Aus praktischer Sicht ist nicht leicht zu entscheiden, ob Weiß
diese offensichtliche positionelle Konzession hätte vermeiden können.} Qxh4 61.
h3 Qg5+ 62. Kh1 $2 (62. Kf1 $142) 62... Qf4 {[%cal Yf4h2]} 63. Kg2 Qh2+ 64. Kf1
Bg3 $19 {[%cal Yh2h3,Yh2f2,Yh2h1]} 65. Qf3 $8 Qxh3+ 66. Qg2 Qxg2+ 67. Kxg2 Bd6
{[%cal Yg6g4,Rg7f6,Rf6g5,Yf5f3] White can prevent the advance of the king side
pawns only at the cost of his bishop. Weiß kann das Vorrücken der
Königsflügelbauern nur auf Kosten seines Läufers verhindern.} 68. Bd3 Kf6 69.
Bc2 g5 70. Kh3 Kg6 71. Bd1 g4+ 72. Bxg4 (72. Kg2 Kg5 73. Be2 f4 $19) 72...
fxg4+ 73. Kxg4 Bc7 74. Kh4 Kf5 75. Kh5 Bg3 76. Kh6 Ke4 77. Kg5 Kd4 78. Kf5 Kc3
79. Ke6 Kb2 80. d6 Kxa2 81. d7 Bh4 0-1

[Event "Tata Steel-A 76th"]
[Site "Wijk aan Zee"]
[Date "2014.01.13"]
[Round "3"]
[White "Harikrishna, Pentala"]
[Black "Dominguez Perez, Leinier"]
[Result "1-0"]
[WhiteElo "2706"]
[BlackElo "2754"]
[Annotator "Mekhitarian,K"]
[PlyCount "149"]
[EventDate "2014.01.11"]
[EventType "tourn"]
[EventRounds "11"]
[EventCountry "NED"]
[EventCategory "20"]
[SourceTitle "CBM 159"]
[Source "ChessBase"]
[SourceDate "2014.03.17"]
[SourceVersion "1"]
[SourceVersionDate "2014.03.17"]
[SourceQuality "1"]

1. e4 c5 2. Nf3 d6 3. d4 cxd4 4. Nxd4 Nf6 5. Nc3 a6 6. Be2 e5 7. Nb3 Be7 8. O-O
O-O 9. Be3 Be6 10. Qd3 Nbd7 11. Nd5 {An interesting variation, White
immediately gets the B pair, and creates an unbalanced P structure.} Bxd5 12.
exd5 {Black has different ways to play here.} Ne8 {A typical move, preparing
the standard f5. Here we are on almost virgin soil - I think there is a lot of
unexplored room in these kind of Be2 Najdorfs, which are very complex,
positionally speaking.} ({A recent Anand - Gelfand game saw the main move ...
Nc5. Black wins some tempi, but ends up weakening the light squares on the
Q-side} 12... Nc5 13. Qd2 Nfe4 14. Qb4 a5 15. Qc4 (15. Qb5 $5 $13 {is the most
common}) 15... Rc8 16. Qb5 b6 17. f3 Nf6 18. Rfd1 Nh5 $13 {1/2-1/2 (91) Anand,
V (2773)-Gelfand,B (2761) Zuerich 2014}) 13. Bg4 Nef6 (13... g6 $5 {seemed
natural as well. Perhaps White wanted to give the B away on d7? In some
positions, this light-squared B indeed becomes somewhat passive.} 14. Bxd7 Qxd7
15. c4 $13 {White could react with f4!? if Black plays ...f5. On the other
hand, Rac1, and the Q side could also be something interesting for White.}) 14.
Bh3 $1 {No rush to define matters.} Re8 15. c4 e4 (15... b5 $5 16. cxb5 axb5
17. Qxb5 Rb8 $44 {Nb6 is coming next. For example:} 18. Qc4 Nb6 19. Bxb6 Qxb6
$44 {there is full compensation now, great play along the a- and b-files}) 16.
Qe2 Nc5 17. Rad1 Qc7 18. Nxc5 dxc5 19. g3 {I like White's position now, it's
not easy for Black to blockade convincingly the d6-P. Meanwhile, e4 could be a
weakness.} Bd6 20. Bg5 Qe7 21. Bg2 (21. f3 $5 {kind of a weird move at first
sight, but opening lines turns out to be very strong right now} exf3 (21... h6
22. Bxf6 Qxf6 23. fxe4 Qe7 {is one of the suggestions. But White is a clear P
up, and there is play along the f-file, for example, whenever Black plays f6,
a bunch of weak light-squares appear suddenly} 24. Bg2 $14) 22. Qxe7 $1 Rxe7
23. Rxf3 $36) 21... h6 22. Bxf6 Qxf6 23. Bxe4 Qg6 $1 24. Bxg6 Rxe2 25. Bh5 Rxb2
26. Rb1 {Now it becomes interesting. Naturally, there's a great drawing
tendency, but gradually White started to create some problems for Black,
escalating to real pressure, and eventually the whole point!} Rb4 (26... Rxb1
27. Rxb1 b5 {was the standard reaction to exchange everything and go home} 28.
cxb5 axb5 29. Rxb5 g6 $11 {followed by Rxa2.}) 27. Rfc1 b6 28. a3 Rxb1 29. Rxb1
Rb8 $6 (29... b5 {looked like a simple draw once again. It's interesting to
know why Black did not choose this idea. Since after 29...Rb8 it is impossible
for Black to claim any sort of advantage} 30. cxb5 axb5 31. Rxb5 Rxa3 32. Rb6
Bf8 $11 {this couldn't be anything to be worried about.}) 30. a4 Kf8 31. Kg2 g6
32. Be2 a5 33. Bd3 h5 34. f4 Kg7 35. Kf3 {Ok, after some moves, the b6-P
became a clear weakness, and White will try pushing his K-side. Objectively,
this is still drawn indeed. But learning how to fight in drawish positions is
a great thing to watch and learn!} Rb7 36. h3 Rb8 37. g4 hxg4+ 38. hxg4 Bc7 39.
g5 Rh8 40. Kg4 Rb8 (40... Rh2 $6 41. d6 Bxd6 42. Rxb6 $16 {things could get
messy. Rb7-Be4-Bd5 coming.}) 41. Re1 Bd6 42. f5 gxf5+ 43. Bxf5 Rh8 44. Rb1 Rb8
$6 {Maybe the first real step in the wrong direction.} (44... Bc7 {was good
enough. Whenever this setup arrives, White's only chance is to play d6. And
Black is ready for that:} 45. d6 Bxd6 46. Rxb6 Rd8 $1 {Be7-Rd4+ threatened} 47.
Rb7 Re8 $1 {avoiding Be4-Bd5. Now Re1-Be7 (attacking g5) is an idea} 48. g6 (
48. Ra7 Re1 49. g6 Re7 50. Ra6 fxg6 51. Rxd6 gxf5+ 52. Kxf5 Rb7 53. Ke5 Rb4 54.
Kd5 Rxa4 55. Kxc5 Kf7 $11) 48... Re7 49. Rb6 Be5 $11) 45. Bd3 Bc7 46. Re1 Bd6
47. Rh1 Rh8 48. Rb1 Rb8 (48... Bc7 {back to the 44th move analysis.}) 49. Kf5
$1 Bc7 50. Re1 Bd6 51. Rh1 $1 {The key. Now Black can not stop Rh6!, because
the B endgame is lost with the white K on f5.} Re8 (51... Rh8 $2 52. Rxh8 Kxh8
53. Kf6 Kg8 54. g6 $1 {opening way to the Q-side} fxg6 55. Bxg6 Bg3 56. Ke6 Kg7
57. Bh5 Bh4 58. d6 {and Black is helpless:} Bg5 59. d7 Bh4 60. Kd5 Bd8 61. Kc6
Kf8 62. Kb7 Ke7 63. Kc8 b5 64. cxb5 c4 65. Bd1 c3 66. Bc2 Bb6 67. Kb7 Bd8 68.
Kc6 $18 {followed by b6, winning.}) 52. Rh6 Re5+ 53. Kg4 Be7 54. Rxb6 Rxg5+ 55.
Kf4 Rh5 56. Bf5 (56. d6 $5 Bd8 57. Rb8 Bf6 58. Bf5 $16 {placing the P on d7
soon. Could be annoying for Black!}) 56... Rh1 (56... Bg5+ $1 {was a nice
defensive resource} 57. Kg4 (57. Ke5 Rh4 $1 {Bf4+ threatened} 58. d6 Rd4 59.
Be4 Bf6+ 60. Kf5 Rxc4 61. d7 Be7 $11 {kind of holding everything after Rd4})
57... Bd8 $1 {now Rh4+ is coming} 58. Rb8 Rg5+ 59. Kf4 Bc7+ 60. Kxg5 Bxb8 $11)
57. d6 {Now it is getting really annoying for Black.} Rf1+ (57... Bf6 58. Be4
$16 {with Bd5 soon.}) 58. Kg4 Rg1+ $6 (58... Bf6 $5 {stopping Be4} 59. Be4 $6
Be5 $1 60. d7 Rf4+ 61. Kg5 (61. Kh3 Bc7 62. Rb7 Rxe4 63. Rxc7 Rd4 $11) 61...
Bc7 $1 62. Rb7 f6+ $1 63. Kh5 Bd8 {f5-Rh4# coming!} 64. Rb8 Rxe4 65. Rxd8 Rd4
$11) 59. Kh3 Bg5 60. Be4 Ra1 (60... Kf6 $5 61. d7+ (61. Rc6 Ke6 $1 {is the
main idea. The black monarch comes back home in time}) 61... Ke7 62. Bf5 Rh1+
$3 (62... Rd1 63. Rb8 Rd4 64. Rg8 Bf6 65. Bg4 $1 {winning the piece with Re8
next} (65. Re8+ $2 Kd6 66. d8=Q+ Bxd8 67. Rxd8+ Ke5 $1 68. Rxd4 Kxd4 $11) 65...
Kd6 66. d8=Q+ Bxd8 67. Rxd8+ Ke5 68. Re8+ Kf4 69. Be2 $18 {has to be winning})
63. Kg2 Rh4 64. Rb8 Rd4 65. Rg8 Bh4 66. Bg4 f5 $1 67. Bxf5 Kf7 {the key of
this whole 62...Rh1+ idea. Black had the h4-square for the B, so then f5! and
Kf7 was possible} 68. Rh8 $16 {White keeps pushing, but at least it is not
over yet.}) 61. Rc6 $1 Rxa4 62. Rxc5 $18 {There's nothing Black can do against
the white central Ps.} Bf6 63. Rc8 Ra3+ 64. Kg4 a4 65. c5 Rc3 66. c6 a3 67. Ra8
Rc4 68. Kf4 Rc5 69. d7 Bg5+ 70. Kg3 f5 71. Bf3 Kf7 72. Bd5+ Kg6 73. Rg8+ Kh6
74. Rxg5 Rxd5 75. Rg8 1-0